• 首页
  • 本馆介绍
  • 公告通知
  • 最新文献
  • 馆藏检索
  • 电子资源
  • 读者导购
  • 参考咨询
  • 我的图书馆
  • 登录
  • 详细信息显示
  • 放入我的书架
  • 预约/预借图书
  • 作者相关作品
  • 分类相关作品
  • 丛书相关作品
  • 出版社相关作品

书目信息

  • 表格格式
  • 工作单格式
  • 卡片格式
题名:
计算机在化学中的应用
    
 
作者: 忻新泉 编
分册:  
出版信息: 南京   南京大学出版社  1986
页数: 297页
开本: 26cm
丛书名:
单 册:
中图分类: O6-39
科图分类:
主题词: 化学实验
电子资源:
ISBN:
000 00615nam0 2200229 45
001 0186004971
005 20040701100853.9
010    @dCNY4.10
100    @a19951115d1986 em y0chiy0121 ea
101 0  @achi
102    @aCN@b320000
105    @ay z 000yy
106    @ar
200 10 @a计算机在化学中的应用@Aji suan ji zai hua xue zhong de ying yong@f忻新泉编
210    @a南京@c南京大学出版社@d1986
215    @a297页@d26cm
606 0  @a化学实验
690    @aO6-39@v3
701  0 @a忻新泉@4编@Axin xin quan
801  0 @aCN@b深圳图书馆@c20040520
801  2 @aCN@bNLC@c20040520
905    @dO6-39@e225@f1@b238570
    
    计算机在化学中的应用/忻新泉编.-南京:南京大学出版社,1986
    297页;26cm
    
    
    ISBN :CNY4.10
    
●
相关链接 在E读中查询图书 在五车中查询图书 在当当中查询图书 在豆瓣中查询图书


正题名:计算机在化学中的应用     索取号:O6-39/225         预约/预借

序号 登录号 条形码 馆藏地/架位号 状态 备注
1 0238570   001944748   第三借阅区/ [索取号:O6-39/225] 在馆    
2 0238571   000341605   第三借阅区/ [索取号:O6-39/225] 在馆    
3 0238572   000341614   第二样本阅览室/ [索取号:O6-39/225] 在馆    
唐山师范学院图书馆 欢迎您!
大连网信软件有限公司© 版权所有